Reprezentacja Niemiec w skokach narciarskich. - Statystyki

Ogólne statystyki
  • Ten quiz został rozwiązany 280 razy
  • Średni wynik to 7 z 9
Statystyki odpowiedzi
Obrazkowy Odpowiedź % Poprawnych
Karl Geiger
94%
Richard Freitag
89%
Markus Eisenbichler
87%
Andreas Wellinger
85%
Severin Freund
83%
Pius Paschke
82%
Stephan Leyhe
77%
Constantin Schmid
67%
David Siegel
35%
Nie znaleziono quizów pasujących do podanych kryteriów
Rozkład punktacji
Procent ludzi z każdym wynikiem
Percentyl według liczby udzielonych odpowiedzi
Twoja historia wyników
Nie rozwiązałeś tego quizu